000 00522cab a2200217 4500
001 X2645
008 090401t1991 xxu||||| |||| 00| 0 eng d
035 _a(Sirsi) u25534
041 _aeng
100 _aKitchen, S.
245 4 _aThe Graves family fortunes
260 _c1991
350 _a0
490 _aBuilding
_v(22) 31 May 1991, 16-17(2)
650 _aBIOGRAPHY
650 _aFRANCIS C GRAVES AND PARTNERS
650 _aPROFILE
690 _aQuantity surveying
_96263
942 _n0
948 _c04/03/1997
999 _c17149
_d17149